Thay đổi tư duy thay đổi cuộc sống : Những thay đổi nhỏ mang lại khác biệt lớn cho cuộc đời bạn

Uloženo v:
Podrobná bibliografie
Hlavní autor: Cook, Nicola
Médium: Kniha
Jazyk:Undetermined
Vydáno: Tp. Hồ Chí Minh Tổng hợp Tp. Hồ Chí Minh
Témata:
Tagy: Přidat tag
Žádné tagy, Buďte první, kdo otaguje tento záznam!
Thư viện lưu trữ: Trung tâm Học liệu Trường Đại học Cần Thơ
LEADER 00661nam a2200181Ia 4500
001 CTU_180834
008 210402s9999 xx 000 0 und d
020 |c 136000 
082 |a 155.2 
082 |b C771 
100 |a Cook, Nicola 
245 0 |a Thay đổi tư duy thay đổi cuộc sống : 
245 0 |b Những thay đổi nhỏ mang lại khác biệt lớn cho cuộc đời bạn 
245 0 |c Nicola Cook; Lê Huy Lâm (dịch) 
260 |a Tp. Hồ Chí Minh 
260 |b Tổng hợp Tp. Hồ Chí Minh 
650 |a A new you,Thay đổi bản thân 
980 |a Trung tâm Học liệu Trường Đại học Cần Thơ